000 00664nam a2200217Ia 4500
005 20241129110008.0
008 241129s9999||||xx |||||||||||||| ||und||
020 _a978-0-691-21321-7
037 _aTB
040 _aARTS
_beng
_cARTS
041 _aeng
_2eng
084 _aV41 R1
_qARTS
100 _aGeoqiang Dong Au.; Walder Andrew G. Au.
_9726787
245 0 _aDecade of upheaval: the cultural revolution in rural China
_cGeoqiang Dong Au.; Walder Andrew G. Au.
260 _aPeinceton, UK
_bPrinceton University Press
_c2017
300 _axii,225p.
365 _aUSD
_b32
650 _aHistory
942 _cTB
_hV41 R1
999 _c1226918
_d1226918